Closest Genetic Populations to the Bosniaks - Statistics

General Stats
  • This quiz has been taken 18 times
  • The average score is 9 of 12
Answer Stats
Genetic Distance Ethnicity % Correct
0.904 Croat
100%
1.012 Serb
100%
3.221 Czech
88%
2.314 Macedonian
88%
1.880 Hungarian
81%
1.507 Montenegrin
81%
2.143 Romanian
81%
3.038 Bulgarian
75%
2.768 Ukrainian
75%
2.722 Austrian
56%
3.299 German
50%
3.161 Slovakian
38%
No matching quizzes found
Score Distribution
Percent of People with Each Score
Percentile by Number Answered
Your Score History
You have not taken this quiz